Acteurs en I et J (par images). - Statistiques

Statistiques générales
  • Ce quiz a été pris 572 fois
    193 depuis la dernière actualisation
  • Le résultat moyen est 8 sur 16
Statistiques - réponses
Par images Réponse % Correct
Éric Judor
88%
Gérard Jugnot
88%
Angelina Jolie
86%
Dwayne Johnson
85%
Scarlett Johansson
83%
Hugh Jackman
79%
Alban Ivanov
60%
Camélia Jordana
45%
Hakim Jemili
40%
Oscar Isaac
34%
Tommy Lee Jones
30%
Jennifer Jones
26%
Theo James
23%
Jeremy Irons
21%
Glenda Jackson
12%
Jason Isaacs
12%
Aucun quiz correspondant
Distribution des résultats
% des personnes avec chaque résultat
Percentile par nombre de réponses
Votre historique - résultats
Vous n’avez pas pris ce quiz depuis la dernière actualisation